[Event "Jogo 2"]
[Site "http://www.queenalice.com/game.php?id=1767826"]
[Date "2021.8.24"]
[Round "-"]
[White "CCapivara"]
[Black "patreszer"]
[Result "0-1"]
[WhiteElo "2281"]
[BlackElo "1857"]

1. d4 Nf6 2. c4 g6 3. Nc3 Bg7 4. e4 d6 5. f3 c5 6. dxc5 dxc5 7. Qxd8+ Kxd8 8.
Be3 b6 9. O-O-O+ Kc7 10. g4 e5 11. Bg2 Bd7 12. h3 Bc6 13. Nd5+ Bxd5 14. cxd5 Rd8
15. Ne2 Na6 16. a3 Kd6 17. Nc3 Nc7 18. h4 Rab8 19. h5 a6 20. hxg6 hxg6 21. Rh2
Rh8 22. Rdh1 Rxh2 23. Bf1 Rxh1 0-1

[Event "AUTO-ADV-4534"]
[Site "http://www.queenalice.com/game.php?id=1768763"]
[Date "2021.9.4"]
[Round "1"]
[White "patreszer"]
[Black "Esvir"]
[Result "1-0"]
[WhiteElo "1891"]
[BlackElo "1960"]

1. d4 d5 2. Nf3 Nf6 3. e3 c5 4. c3 c4 5. Be2 e6 6. O-O Bd6 7. Nbd2 O-O 8. Re1
Nc6 9. Ng5 h6 10. Ngf3 Ne4 11. Nxe4 dxe4 12. Ne5 Nxe5 13. f4 exf3 14. Bxf3 Nxf3+
15. gxf3 e5 16. e4 exd4 17. cxd4 Qf6 18. e5 Qg6+ 19. Kh1 Bh3 20. Rg1 Qe6 21.
exd6 Qxd6 22. d5 Rad8 23. Qd4 g5 24. Bxg5 hxg5 25. Rxg5+ Qg6 26. Rag1 Rd6 27.
Qh4 Kg7 28. Qxh3 Rh8 29. Rxg6+ fxg6 30. Qf5 Rf8 31. Qe5+ Rdf6 32. d6 Rf7 33. Rd1
Rd7 34. Rd4 Kf7 35. Rf4 Rxd6 36. Rxf6+ Rxf6 37. Qc7+ Ke6 38. Qxc4+ Kf5 39. Qe4+
Kg5 40. Qxb7 1-0

[Event "AUTO-ADV-4534"]
[Site "http://www.queenalice.com/game.php?id=1768776"]
[Date "2021.9.4"]
[Round "1"]
[White "maurice91"]
[Black "patreszer"]
[Result "1-0"]
[WhiteElo "1815"]
[BlackElo "1878"]

1. d4 d5 2. c4 c6 3. Nc3 Nf6 4. cxd5 cxd5 5. Nf3 Nc6 6. Bg5 h6 7. Bh4 g5 8. Bg3
Bg7 9. Ne5 Qb6 10. Nxc6 Qxc6 11. e3 Bf5 12. h4 Ne4 13. Bb5 Nxc3 14. Bxc6+ bxc6
15. bxc3 c5 16. hxg5 c4 17. Qa4+ Bd7 18. Qa5 e6 19. gxh6 Rxh6 20. Rxh6 Bxh6 21.
Ke2 Bg5 22. Rh1 Bf6 23. Rh6 Ke7 24. Qc5+ 1-0

[Event "AUTO-ADV-4534"]
[Site "http://www.queenalice.com/game.php?id=1768777"]
[Date "2021.9.4"]
[Round "1"]
[White "patreszer"]
[Black "maurice91"]
[Result "0-1"]
[WhiteElo "1898"]
[BlackElo "1795"]

1. Nf3 c6 2. c4 g6 3. h4 Bg7 4. h5 gxh5 5. Rxh5 Nf6 6. Rg5 Rg8 7. Nc3 h6 8. Rg3
Nh5 9. Rh3 Nf4 10. Rg3 d6 11. d4 Qc7 12. Bxf4 Kf8 13. Qd3 e5 14. dxe5 dxe5 15.
Rxg7 exf4 16. Rxg8+ Kxg8 17. O-O-O Be6 18. Qd8+ Qxd8 19. Rxd8+ Kg7 20. b3 a5 21.
Nd4 Kf6 22. Nxe6 fxe6 23. a4 Ke7 24. Rh8 Kd6 25. Kd2 c5 0-1

[Event "AUTO-ADV-4534"]
[Site "http://www.queenalice.com/game.php?id=1768786"]
[Date "2021.9.4"]
[Round "1"]
[White "patreszer"]
[Black "Atacante"]
[Result "1-0"]
[WhiteElo "1878"]
[BlackElo "1796"]

1. Nf3 d5 2. d4 Nf6 3. Ne5 e6 4. c4 Bb4+ 5. Nc3 Bxc3+ 6. bxc3 dxc4 7. Qa4+ Bd7
8. Qxc4 Nc6 9. Bg5 O-O 10. g3 a6 11. Bg2 Re8 12. O-O h6 13. Bd2 Nxe5 14. dxe5
Bb5 15. Qf4 Nd5 16. Bxd5 exd5 17. Rfe1 Bc4 18. e4 c6 19. exd5 Bxd5 20. c4 Be6
21. Rad1 Qe7 22. Bc1 Bxc4 23. Qxc4 Rad8 24. Rxd8 Rxd8 25. e6 fxe6 26. Rxe6 Qf7
27. Re4 Qxc4 28. Rxc4 Rc8 29. Kg2 b5 30. Rc5 Kf7 31. Be3 a5 32. a4 bxa4 33. Rxa5
g5 34. Rxa4 c5 35. Rc4 1-0

[Event "AUTO-ADV-4534"]
[Site "http://www.queenalice.com/game.php?id=1768787"]
[Date "2021.9.4"]
[Round "1"]
[White "Atacante"]
[Black "patreszer"]
[Result "1-0"]
[WhiteElo "1852"]
[BlackElo "1920"]

1. e4 e6 2. Nf3 d5 3. exd5 exd5 4. d4 Nf6 5. Bd3 Bd6 6. Nc3 Bg4 7. Be3 Qe7 8.
Qe2 c6 9. O-O Nbd7 10. a3 O-O 11. Bg5 Rae8 12. Qd1 1-0

[Event "AUTO-OPEN-4305"]
[Site "http://www.queenalice.com/game.php?id=1768802"]
[Date "2021.9.4"]
[Round "1"]
[White "patreszer"]
[Black "ChessColossos"]
[Result "1-0"]
[WhiteElo "1887"]
[BlackElo "1758"]

1. f4 d5 2. e3 Nc6 3. Nf3 Nf6 4. Bd3 e5 5. fxe5 Ng4 6. O-O Bc5 7. h3 Ngxe5 8. b4
Bxb4 9. Bb2 Bxh3 10. Nxe5 Nxe5 11. Bxe5 Bxg2 12. Kxg2 Qg5+ 13. Bg3 Bd6 14. Qf3
Qxg3+ 15. Qxg3 Bxg3 16. Kxg3 c6 17. Nc3 f6 18. Rh1 h5 19. Bg6+ Ke7 20. Rxh5 1-0

[Event "AUTO-OPEN-4305"]
[Site "http://www.queenalice.com/game.php?id=1768803"]
[Date "2021.9.4"]
[Round "1"]
[White "ChessColossos"]
[Black "patreszer"]
[Result "1-0"]
[WhiteElo "1894"]
[BlackElo "1859"]

1. e4 c5 2. Nf3 Nc6 3. Nc3 e6 4. Bb5 Nge7 5. O-O g6 6. d4 cxd4 7. Nxd4 Bg7 8.
Be3 O-O 9. Nxc6 bxc6 10. Be2 d5 11. Bc5 Re8 12. Bxe7 Qxe7 13. Re1 d4 14. Na4 e5
15. c3 c5 16. cxd4 exd4 17. Bc4 Qg5 18. Qf3 Be6 19. Bxe6 Rxe6 20. Rac1 Rc8 21.
h4 Qe5 22. Rc4 Bf8 23. b3 Rf6 24. Qg4 Qf4 25. Qxf4 Rxf4 26. g3 Rf6 27. e5 Re6
28. f4 Rec6 29. Kf2 Rb8 30. Rec1 a5 31. Nxc5 Bxc5 32. Rxc5 Rxc5 33. Rxc5 a4 34.
bxa4 Rb2+ 35. Kf3 Rxa2 36. a5 Ra3+ 37. Kf2 Kf8 38. Rd5 d3 39. a6 Rxa6 40. Rxd3
Ra7 41. Kf3 h5 42. g4 Ra1 43. gxh5 gxh5 44. Rd6 Rf1+ 45. Ke4 Rh1 46. Kf5 1-0

[Event "AUTO-OPEN-4305"]
[Site "http://www.queenalice.com/game.php?id=1768804"]
[Date "2021.9.4"]
[Round "1"]
[White "patreszer"]
[Black "JoseMessias"]
[Result "0-1"]
[WhiteElo "1901"]
[BlackElo "1720"]

1. Nf3 Nc6 2. g3 Nf6 3. Bg2 e5 4. O-O Nd4 5. d3 Ng4 6. c3 Nxf3+ 7. exf3 Nf6 8.
Bg5 d5 9. Re1 Bd6 10. d4 h6 11. dxe5 Be6 0-1

[Event "AUTO-OPEN-4305"]
[Site "http://www.queenalice.com/game.php?id=1768806"]
[Date "2021.9.4"]
[Round "1"]
[White "patreszer"]
[Black "MMA34"]
[Result "0-1"]
[WhiteElo "1940"]
[BlackElo "1840"]

1. Nf3 d5 2. d4 Nf6 3. Bf4 c5 4. e3 Nc6 5. c3 e6 6. Bd3 Bd6 7. Be5 Bxe5 8. dxe5
Nd7 9. Bb5 a6 10. Bxc6 bxc6 11. O-O Qb6 12. b3 Qc7 13. c4 Nxe5 14. Nbd2 Ng6 15.
Qe2 e5 0-1

[Event "AUTO-OPEN-4305"]
[Site "http://www.queenalice.com/game.php?id=1768807"]
[Date "2021.9.4"]
[Round "1"]
[White "MMA34"]
[Black "patreszer"]
[Result "0-1"]
[WhiteElo "1943"]
[BlackElo "1859"]

1. d4 Nf6 2. c4 g6 3. Nc3 d5 4. e3 Bg7 5. h3 c6 6. Nf3 Ne4 7. Nxe4 dxe4 8. Nd2
e5 9. Nxe4 Bf5 10. Ng3 exd4 11. e4 Qe7 12. Bd3 c5 13. O-O Bd7 14. Re1 O-O 15. a3
Nc6 16. f4 Rae8 17. Bd2 h5 18. f5 Ne5 19. Bf1 Qd6 20. fxg6 Nd3 21. Qxh5 Qxg6 22.
Bxd3 Qxg3 23. Bf1 Re6 24. Qf3 Qxf3 25. gxf3 Rfe8 26. h4 Rg6+ 27. Kf2 f5 28. Bh3
fxe4 29. fxe4 Bxh3 30. Bg5 Rf8+ 31. Ke2 Bg4+ 32. Kd2 Rf2+ 33. Kc1 Bh6 34. Kb1
Bxg5 35. hxg5 Re2 0-1

[Event "AUTO-ADV-4565"]
[Site "http://www.queenalice.com/game.php?id=1776177"]
[Date "2021.12.4"]
[Round "1"]
[White "patreszer"]
[Black "Atacante"]
[Result "1-0"]
[WhiteElo "1895"]
[BlackElo "1789"]

1. c4 e5 2. Nc3 Nf6 3. e4 d6 4. Nf3 Be7 5. d4 exd4 6. Nxd4 Bd7 7. Nf5 Bxf5 8.
exf5 Nc6 9. Be3 Qd7 10. Bd3 Ne5 11. b3 O-O 12. Be2 Qxf5 13. O-O Qg6 14. h3 Ne4
15. Nxe4 f5 16. Bh5 Qe6 17. f4 fxe4 18. fxe5 Rxf1+ 19. Qxf1 Qxe5 20. Qf7+ Kh8
21. Rf1 Bf6 22. Qd5 1-0

[Event "AUTO-ADV-4565"]
[Site "http://www.queenalice.com/game.php?id=1776178"]
[Date "2021.12.4"]
[Round "1"]
[White "Atacante"]
[Black "patreszer"]
[Result "1-0"]
[WhiteElo "1774"]
[BlackElo "1910"]

1. e3 a6 2. d4 Nf6 3. Nf3 d6 4. c4 c6 5. Nc3 Qc7 6. Bd3 Bg4 7. Be2 Nbd7 8. Bd2
e5 9. dxe5 dxe5 10. Rc1 Rd8 11. a3 Be7 12. O-O O-O 13. Qc2 1-0

[Event "AUTO-ADV-4565"]
[Site "http://www.queenalice.com/game.php?id=1776179"]
[Date "2021.12.4"]
[Round "1"]
[White "patreszer"]
[Black "Eggchaser"]
[Result "0-1"]
[WhiteElo "1811"]
[BlackElo "1787"]

1. c4 g6 2. Nf3 Bg7 3. g3 Nc6 4. d4 d6 5. Nc3 e5 6. Be3 Bg4 7. dxe5 Bxf3 8. exf3
Nxe5 9. Be2 Nf6 10. O-O O-O 11. Kg2 a6 12. f4 Nc6 13. a3 Re8 14. Qc2 Nd7 15.
Rad1 Qe7 16. Nd5 Qd8 17. Bd2 Rxe2 18. Ne3 Nd4 19. Qd3 Nc5 20. Qb1 c6 21. Bc3
Ncb3 0-1

[Event "AUTO-ADV-4565"]
[Site "http://www.queenalice.com/game.php?id=1776180"]
[Date "2021.12.4"]
[Round "1"]
[White "Eggchaser"]
[Black "patreszer"]
[Result "0-1"]
[WhiteElo "1828"]
[BlackElo "1881"]

1. e4 e5 2. Nf3 Nc6 3. Bb5 d6 4. d4 exd4 5. Nxd4 Bd7 6. Nxc6 bxc6 7. Bc4 Nf6 8.
Nc3 Be7 9. O-O O-O 10. Re1 h6 11. b3 Be6 12. Bxe6 fxe6 13. Bb2 e5 14. Rf1 Qd7
15. f4 Ng4 16. fxe5 d5 17. exd5 Bc5+ 0-1

[Event "AUTO-ADV-4565"]
[Site "http://www.queenalice.com/game.php?id=1776181"]
[Date "2021.12.4"]
[Round "1"]
[White "patreszer"]
[Black "JoseMessias"]
[Result "0-1"]
[WhiteElo "1893"]
[BlackElo "1835"]

1. Nf3 Nf6 2. g3 Nc6 3. d4 d5 4. Bf4 Bg4 5. Bg2 e6 6. c3 Ne4 7. Nbd2 g5 8. Be3
f5 9. Ne5 Nxe5 10. dxe5 Bg7 11. f3 Nxd2 12. Qxd2 Bh5 13. Bxg5 Qd7 14. Bf6 Bxf6
15. exf6 h6 16. Qd4 Qf7 17. O-O-O O-O 0-1

[Event "AUTO-ADV-4565"]
[Site "http://www.queenalice.com/game.php?id=1776182"]
[Date "2021.12.4"]
[Round "1"]
[White "JoseMessias"]
[Black "patreszer"]
[Result "1-0"]
[WhiteElo "1872"]
[BlackElo "1875"]

1. g3 Nf6 2. Bg2 Nc6 3. b4 d5 4. b5 Ne5 5. Bb2 Nc4 6. Bxf6 exf6 7. d3 Nb6 8. a4
Be6 9. a5 Nd7 10. c4 Bb4+ 11. Nd2 O-O 12. cxd5 Bf5 13. Ra4 Bd6 14. Nc4 Re8 15.
e4 Bg6 16. Nxd6 cxd6 17. f4 Nc5 18. Rc4 Qxa5+ 19. Ke2 1-0

[Event "AUTO-OPEN-4327"]
[Site "http://www.queenalice.com/game.php?id=1776249"]
[Date "2021.12.5"]
[Round "1"]
[White "patreszer"]
[Black "clovis"]
[Result "0-1"]
[WhiteElo "1907"]
[BlackElo "2117"]

1. g4 d5 2. Bg2 Bxg4 3. c4 Nf6 4. Nc3 e6 5. Qb3 b6 6. d4 c6 7. Bg5 Be7 8. e4
dxe4 9. f3 Bf5 10. fxe4 Nxe4 11. Bxe7 Qxe7 12. Nxe4 Bxe4 13. Bxe4 Nd7 14. Nf3 e5
0-1

[Event "AUTO-OPEN-4327"]
[Site "http://www.queenalice.com/game.php?id=1776270"]
[Date "2021.12.5"]
[Round "1"]
[White "Deo"]
[Black "patreszer"]
[Result "1-0"]
[WhiteElo "2149"]
[BlackElo "1899"]

1. e4 Nf6 2. e5 Ne4 3. d4 e6 4. Bd3 d5 5. Ne2 c5 6. Bxe4 dxe4 7. O-O Nc6 8. c3
Be7 9. Be3 Qb6 10. Qd2 Bd7 11. Ng3 Rd8 12. Nxe4 Bc8 13. dxc5 Qc7 14. Nd6+ Bxd6
15. cxd6 Qd7 16. f4 O-O 17. Rf3 1-0

[Event "AUTO-OPEN-4327"]
[Site "http://www.queenalice.com/game.php?id=1776271"]
[Date "2021.12.5"]
[Round "1"]
[White "patreszer"]
[Black "Deo"]
[Result "0-1"]
[WhiteElo "1889"]
[BlackElo "1938"]

1. d4 Nf6 2. Bg5 d5 3. Nf3 g6 4. Nbd2 Bg7 5. Ne5 Nbd7 6. c4 Nxe5 7. dxe5 Nd7 8.
cxd5 Bxe5 9. Bh6 Bxb2 10. Rb1 Be5 11. e3 Nb6 12. Be2 Qxd5 13. O-O Qxa2 0-1

[Event "AUTO-OPEN-4327"]
[Site "http://www.queenalice.com/game.php?id=1776282"]
[Date "2021.12.5"]
[Round "1"]
[White "EcheKiel"]
[Black "patreszer"]
[Result "1-0"]
[WhiteElo "1831"]
[BlackElo "1827"]

1. e4 d5 2. d4 e6 3. e5 c5 4. Nf3 cxd4 5. Qxd4 Nc6 6. Bb5 Bd7 7. Bxc6 bxc6 8. b4
Ne7 9. Bg5 h6 10. Qh4 Qb6 11. a3 Ng6 12. Qg3 hxg5 13. Qxg5 Be7 14. Qg4 1-0

[Event "AUTO-OPEN-4327"]
[Site "http://www.queenalice.com/game.php?id=1776283"]
[Date "2021.12.5"]
[Round "1"]
[White "patreszer"]
[Black "EcheKiel"]
[Result "0-1"]
[WhiteElo "1844"]
[BlackElo "1814"]

1. d4 d5 2. Nf3 Nc6 3. c3 f6 4. Bf4 Bf5 5. Nbd2 e6 6. e3 Bd6 7. Be2 e5 8. dxe5
Bxe5 9. Nxe5 Nxe5 10. Nf3 Nxf3+ 11. Bxf3 c6 12. Qb3 Ne7 13. Rd1 O-O 0-1